Truyện ngụ ngôn cổ điển: Các nàng công chúa Song ngữ Thái - Anh

Salvato in:
Dettagli Bibliografici
Natura: Libro
Tags: Aggiungi Tag
Nessun Tag, puoi essere il primo ad aggiungerne! !
Thư viện lưu trữ: Mạng thư viện Đại học Đà Nẵng
LEADER 00451nam a22001691a 4500
001 000037142
003 13437
005 20160412015144.0
008 160412s0 000
082 |a 4T(TK)11 
245 |a Truyện ngụ ngôn cổ điển: Các nàng công chúa Song ngữ Thái - Anh 
OWN |a LNN 
999 |a From the UDN01 
TYP |a Monograph 
980 |a Mạng thư viện Đại học Đà Nẵng